Horrible Histories Eras - Statistics

General Stats
  • This quiz has been taken 183 times
  • The average score is 26 of 50
Answer Stats
% Correct
Victorians
86%
Tudors
85%
Georgians
83%
Second World War
83%
Gorgeous
82%
Terrible
82%
Vile
82%
First World War
78%
Slimy
78%
Stuarts
78%
Egyptians
76%
Greeks
74%
Romans
74%
Woeful
74%
Middle Ages
73%
Groovy
72%
Awful
71%
Measly
70%
Rotten
68%
Stone Age
68%
Vikings
68%
Celts
65%
Savage
65%
Vicious
62%
Cut-Throat
61%
Frightful
57%
Aztecs
51%
Awesome
48%
Incas
48%
USA
45%
Incredible
42%
Saxons
42%
French
36%
Angry
34%
Pirates
34%
Smashing
33%
Putrid
30%
Fabulous
26%
20th Century
23%
Pioneers
22%
Potty
19%
Knights
18%
Renaissance
15%
troublesome
15%
Ruthless
14%
Nasty
10%
Rulers
9%
Scotland
9%
Radical
8%
Shocking
5%
No matching quizzes found
Score Distribution
Percent of People with Each Score
Percentile by Number Answered
Your Score History
You have not taken this quiz